Top 20 Highest Records by Girlgroup (Hanteo Chart) - Statistics

General Stats
  • This quiz has been taken 20 times
  • The average score is 11 of 20
Answer Stats
Sales Artist Album % Correct
1,542,900+ BLACKPINK BORN PINK
87%
1,650,100+ NewJeans Get Up
80%
1,258,000+ LE SSERAFIM UNFORGIVEN
80%
1,537,000+ i-dle 2
73%
677,900+ BABYMONSTER DRIP
73%
1,698,700+ aespa MY WORLD
73%
1,605,900+ IVE I'VE MINE
60%
206,700+ KiiiKiii UNCUT GEM
60%
250,300+ izna Na
53%
408,800+ Hearts2Hearts The Chase
53%
1,063,600+ TWICE With YOU-th
53%
516,600+ tripleS ASSEMBLE25
47%
401,600+ ILLIT bomb
47%
255,000+ MEOVV MY EYES OPEN VVIDE
47%
823,700+ ITZY KILL MY DOUBT
40%
287,100+ Kep1er DOUBLAST
33%
389,300+ IZ*ONE Oneiric Diary
33%
1,030,500+ NMIXX A Midsummer NMIXX's Dream
27%
352,300+ STAYC TEENFRESH
20%
496,800+ Red Velvet 'The ReVe Festival 2022 - Birthday'
20%
No matching quizzes found
Score Distribution
Percent of People with Each Score
Percentile by Number Answered
Your Score History
You have not taken this quiz